| 000 | 00397 a2200145 4500 | ||
|---|---|---|---|
| 999 |
_c290 _d290 |
||
| 008 | 221102b ||||| |||| 00| 0 eng d | ||
| 020 | _a9781908833648 | ||
| 082 | 0 | 0 |
_a387.5068 _bI17 |
| 100 | _aDixton, Tony | ||
| 245 | _aShip operations and management / | ||
| 260 |
_aLondon: _bInstitute of Chartered Shipbroker, _c2015. |
||
| 300 | _ax, 370 p. | ||
| 650 | 0 | _aMarine Transportation | |
| 942 |
_2ddc _cBK |
||